| 000 | 01401cam a2200385 i 4500 | ||
|---|---|---|---|
| 001 | 557 | ||
| 005 | 20230616132212.0 | ||
| 008 | 131106s2014 nyua c 000 1 eng | ||
| 020 | _a9780316405911 (hardcover) | ||
| 020 | _z9780316405881 (ebook) | ||
| 020 | _z9780316405898 (library edition ebook) | ||
| 040 |
_aDLC _beng _cDLC _erda _dDLC |
||
| 050 | 0 | 0 |
_aPZ7.P27653 _bHo 2014 |
| 082 | 0 | 0 |
_a[Fic] _223 |
| 100 | 1 |
_aPatterson, James, _d1947- |
|
| 245 | 1 | 0 |
_aHouse of robots / _cJames Patterson and Chris Grabenstein ; illustrated by Juliana Neufeld. |
| 250 | _aFirst edition. | ||
| 260 |
_aNew York : _bScholastic. _c2015 |
||
| 300 |
_a316 pages : _billustrations ; _c21 cm. |
||
| 490 | 0 | _aHouse of robots | |
| 505 | _aM | ||
| 520 |
_a"Fifth-grader Sammy Hayes-Rodriguez struggles to fit in when his inventor mother requires him to take her latest creation, a robotic 'brother,' to school with him to learn to become a student"-- _cProvided by publisher. |
||
| 521 |
_a750
_bLexile |
||
| 521 |
_aM
_bRaz-Plus |
||
| 650 | 1 |
_aRobots _vFiction. |
|
| 650 | 1 |
_aMiddle schools _vFiction. |
|
| 650 | 1 |
_aSchools _vFiction. |
|
| 650 | 1 |
_aFamily life _vFiction. |
|
| 650 | 1 |
_aInventors _vFiction. |
|
| 650 | 1 | _aHumorous stories. | |
| 700 | 1 | _aGrabenstein, Chris. | |
| 700 | 1 |
_aNeufeld, Juliana, _d1982- _eillustrator. |
|
| 906 |
_a7 _bcbc _corignew _d1 _eecip _f20 _gy-gencatlg |
||
| 942 |
_2ddc _cBK _n0 |
||
| 999 |
_c557 _d557 |
||